10 stanów USA z największym średnim czynszem - Statystyki

Ogólne statystyki
  • Ten quiz został rozwiązany 73 razy
  • Średni wynik to 6 z 10
Statystyki odpowiedzi
$ na miesiąc Stan % Poprawnych
1 750 Kalifornia
97%
1 409 Nowy Jork
97%
1 348 Floryda
82%
1 484 Waszyngton
75%
1 457 New Jersey
52%
1 774 Hawaje
48%
1 487 Massachusetts
33%
1 491 Kolorado
30%
1 473 Maryland
30%
1 331 Wirginia
28%
Nie znaleziono quizów pasujących do podanych kryteriów
Rozkład punktacji
Procent ludzi z każdym wynikiem
Percentyl według liczby udzielonych odpowiedzi
Twoja historia wyników
Nie rozwiązałeś tego quizu